00793nam a2200229 a 450000100060000000300080000600500170001400800410003103500140007204000270008604100080011308200240012110000280014524500570017326000340023030000340026450400500029860000680034894200120041699900170042895201180044577270BD-RjUL20211209082943.0200309s1954 caua b 001 0beng  a(BD-RjUL) aDLCcDLCdBD-RjULbeng aeng00a821.4223bYOJ 1954 aYoung, Kenneth 919393410aJohn Dryden :ba Critical biography /cKenneth Young alondon :bsylvan press,c1954 avii, 240 p. :bill. ;c23 cm. aIncludes bibliographical references and index10aDryden, John,d1631-1700xCriticism and interpretation.9240581 2ddccBK c77270d77270 00102ddc40708NFICaRUCLbRUCLcStackd2020-03-09l0o821.4 YOJ 1954r2020-03-09 00:00:00tC-2w2020-03-09yBK